中国铁路所有机务段 All locomotive depots of China Railway - Statistics

General Stats
  • This quiz has been taken 19 times
  • The average score is 51 of 70
Answer Stats
铁路局 机务段 % Correct
北京 北京
100%
北京 石家庄
100%
沈阳 沈阳
100%
济南 济南
100%
济南 青岛
100%
沈阳 大连
94%
哈尔滨 哈尔滨
94%
哈尔滨 齐齐哈尔
94%
上海 上海
94%
上海 南京东
94%
上海 杭州
94%
南昌 南昌
94%
广州 广州
94%
广州 长沙
94%
南宁 南宁
94%
成都 成都
94%
西安 西安
94%
郑州 郑州
94%
太原 太原
94%
呼和浩特 呼和浩特
94%
兰州 兰州西
94%
乌鲁木齐 乌鲁木齐
94%
上海 合肥
89%
昆明 昆明
89%
成都 重庆
89%
郑州 洛阳
89%
太原 湖东
89%
呼和浩特 包头西
89%
青藏 西宁
89%
北京 天津
83%
北京 唐山
83%
沈阳 锦州
83%
南昌 福州
83%
南宁 柳州
83%
西安 延安
83%
北京 邯郸
78%
哈尔滨 牡丹江
78%
哈尔滨 佳木斯
78%
上海 徐州
78%
南昌 鹰潭
78%
广州 株洲
78%
成都 贵阳
78%
武汉 武昌南
78%
乌鲁木齐 哈密
78%
沈阳 吉林
72%
广州 怀化
72%
青藏 格尔木
72%
广州 汕头
67%
武汉 襄阳
67%
北京 丰台
61%
郑州 新乡
61%
兰州 嘉峪关
61%
沈阳 通辽
56%
昆明 大理
56%
乌鲁木齐 库尔勒
50%
沈阳 苏家屯
44%
济南 济西
44%
西安 安康
44%
北京 怀柔北
39%
沈阳 白城
39%
哈尔滨 三棵树
39%
南昌 向塘
39%
广州 海口
39%
成都 西昌
39%
西安 新丰镇
39%
兰州 迎水桥
33%
沈阳 梅河口
22%
武汉 江岸
22%
太原 侯马北
22%
呼和浩特 大板
17%
No matching quizzes found
Score Distribution
Percent of People with Each Score
Percentile by Number Answered
Your Score History
You have not taken this quiz